[Event "VIE-ch U15 Girls"]
[Site "Ho Chi Minh City"]
[Date "2014.07.16"]
[Round "6"]
[White "Pham, Thuy Tien"]
[Black "Ngo, Thi Ngoc Ngan"]
[Result "0-1"]
[WhiteElo "1894"]
[BlackElo "1901"]
[PlyCount "54"]
[EventDate "2014.07.13"]
[EventType "swiss"]
[EventRounds "9"]
[EventCountry "VIE"]
[SourceTitle "EXT 2016"]
[Source "ChessBase"]
[SourceDate "2015.10.08"]
[SourceVersion "1"]
[SourceVersionDate "2015.10.08"]
[SourceQuality "1"]

1. e4 Nf6 2. e5 Nd5 3. d4 g6 4. Nf3 Bg7 5. Bc4 Nb6 6. Bb3 0-0 7. 0-0 d6 8. Re1 Nc6 9. Bf4 Bg4 10. c3 dxe5 11. Bxe5 Nxe5 12. dxe5 Qxd1 13. Bxd1 Rad8 14. Nbd2 e6 15. h3 Bf5 16. Nd4 c5 17. N4b3 Na4 18. Nf3 c4 19. Na5 Nxb2 20. Nxb7 Rd7 21. Na5 Rd3 22. Bc2 Rxc3 23. Bxf5 gxf5 24. Rab1 Nd3 25. Re2 Rc8 26. Rb7 Rc1+ 27. Kh2 Nf4 0-1

[Event "VIE-ch U15 Girls"]
[Site "Ho Chi Minh City"]
[Date "2014.07.15"]
[Round "5"]
[White "Nguyen, Truc Linh"]
[Black "Pham, Thuy Tien"]
[Result "1-0"]
[WhiteElo "1903"]
[BlackElo "1894"]
[PlyCount "53"]
[EventDate "2014.07.13"]
[EventType "swiss"]
[EventRounds "9"]
[EventCountry "VIE"]
[SourceTitle "EXT 2016"]
[Source "ChessBase"]
[SourceDate "2015.10.08"]
[SourceVersion "1"]
[SourceVersionDate "2015.10.08"]
[SourceQuality "1"]

1. e4 e5 2. Nf3 Nc6 3. Bb5 Bc5 4. 0-0 d6 5. h3 Nf6 6. Re1 0-0 7. c3 a6 8. Ba4 b5 9. Bc2 h6 10. d4 exd4 11. cxd4 Bb6 12. a3 Re8 13. Nc3 Bb7 14. Qd3 Qd7 15. Bf4 Rad8 16. Nd5 Nh7 17. e5 g6 18. Nxb6 cxb6 19. exd6 Rc8 20. Bb3 Kg7 21. Ne5 Nxe5 22. dxe5 Nf8 23. Rac1 Red8 24. Qe3 g5 25. Bg3 Rc6 26. h4 Rdc8 27. hxg5 1-0

[Event "VIE-ch U15 Girls"]
[Site "Ho Chi Minh City"]
[Date "2014.07.15"]
[Round "4"]
[White "Pham, Thuy Tien"]
[Black "Tran, Thi Phuong Anh"]
[Result "0-1"]
[WhiteElo "1894"]
[BlackElo "1909"]
[PlyCount "110"]
[EventDate "2014.07.13"]
[EventType "swiss"]
[EventRounds "9"]
[EventCountry "VIE"]
[SourceTitle "EXT 2016"]
[Source "ChessBase"]
[SourceDate "2015.10.08"]
[SourceVersion "1"]
[SourceVersionDate "2015.10.08"]
[SourceQuality "1"]

1. e4 c6 2. d4 d5 3. exd5 cxd5 4. Nf3 a6 5. Bd3 Nc6 6. c3 Bg4 7. h3 Bh5 8. 0-0 e6 9. Be3 Nf6 10. Nbd2 Bd6 11. Qc2 Rc8 12. a3 Bg6 13. Rfe1 0-0 14. Bg5 Re8 15. Bxg6 hxg6 16. Re2 Qb6 17. Bxf6 gxf6 18. Qb3 Qxb3 19. Nxb3 Kf8 20. Rae1 b5 21. Nbd2 a5 22. Ra1 Ra8 23. Ree1 Rec8 24. Rec1 a4 25. Re1 Na5 26. g3 Nc4 27. Nxc4 bxc4 28. Re2 Rab8 29. Ra2 Rb7 30. Kf1 Ke7 31. Ke1 Rcb8 32. Rc2 e5 33. dxe5 fxe5 34. Rd2 Rb5 35. Kd1 f6 36. Kc2 Bc7 37. Nh4 Kf7 38. f3 Bb6 39. Ng2 d4 40. cxd4 Bxd4 41. Kc1 Rb3 42. Nh4 Be3 43. Kd1 Bxd2 44. Kxd2 Rxb2+ 45. Rxb2 Rxb2+ 46. Kc3 Rb3+ 47. Kxc4 f5 48. Kd5 Kf6 49. g4 Rd3+ 50. Kc4 Rxa3 51. Kb4 Ra1 52. Ng2 a3 53. Kb3 a2 54. Nh4 Rh1 55. Kxa2 Rxh3 0-1

[Event "VIE-ch U15 Girls"]
[Site "Ho Chi Minh City"]
[Date "2014.07.13"]
[Round "2"]
[White "Pham, Thuy Tien"]
[Black "Pham, Thi Thuy Hoa"]
[Result "1/2-1/2"]
[WhiteElo "1894"]
[BlackElo "1670"]
[PlyCount "84"]
[EventDate "2014.07.13"]
[EventType "swiss"]
[EventRounds "9"]
[EventCountry "VIE"]
[SourceTitle "EXT 2016"]
[Source "ChessBase"]
[SourceDate "2015.10.08"]
[SourceVersion "1"]
[SourceVersionDate "2015.10.08"]
[SourceQuality "1"]

1. e4 e5 2. Nf3 Nc6 3. Bc4 d6 4. c3 Bg4 5. d3 Nf6 6. h3 Bh5 7. Be3 Be7 8. Nbd2 a6 9. Bb3 0-0 10. 0-0 d5 11. exd5 Nxd5 12. Bxd5 Qxd5 13. Qb3 Qxb3 14. axb3 Rad8 15. d4 exd4 16. Bxd4 Nxd4 17. Nxd4 Bf6 18. N4f3 Rfe8 19. Rfe1 h6 20. Kf1 Rxe1+ 21. Rxe1 Bg5 22. Nxg5 hxg5 23. Ne4 Rd5 24. g4 Bg6 25. f3 Kf8 26. Kf2 Re5 27. b4 Ke7 28. Nc5 Rxe1 29. Kxe1 b6 30. Nxa6 Kd6 31. Kd2 f5 32. Ke3 fxg4 33. hxg4 c5 34. bxc5+ bxc5 35. b4 cxb4 36. Nxb4 Kc5 37. f4 gxf4+ 38. Kxf4 Kc4 39. Nc6 Kxc3 40. Ne5 Be8 41. Kf5 Kd4 42. g5 Kd5 1/2-1/2